Health Economics / (Record no. 16514)
[ view plain ]
| 000 -LEADER | |
|---|---|
| fixed length control field | 02477cam a22003494a 4500 |
| 001 - CONTROL NUMBER | |
| control field | 15562141 |
| 005 - DATE AND TIME OF LATEST TRANSACTION | |
| control field | 20090603113622.0 |
| 008 - FIXED-LENGTH DATA ELEMENTS--GENERAL INFORMATION | |
| fixed length control field | 081217s2010 nyua b 001 0 eng |
| 020 ## - INTERNATIONAL STANDARD BOOK NUMBER | |
| International Standard Book Number | 0321594576 |
| 020 ## - INTERNATIONAL STANDARD BOOK NUMBER | |
| International Standard Book Number | 9780321594570 |
| 040 ## - CATALOGING SOURCE | |
| Original cataloging agency | DNLM/DLC |
| Transcribing agency | DLC |
| Modifying agency | BTCTA |
| -- | UKM |
| -- | NLM |
| -- | YDXCP |
| -- | C#P |
| -- | BWX |
| -- | DLC |
| 082 00 - DEWEY DECIMAL CLASSIFICATION NUMBER | |
| Classification number | 338.473621 |
| Edition number | 22 |
| Item number | PHE |
| 100 1# - MAIN ENTRY--PERSONAL NAME | |
| Personal name | Phelps, Charles E. |
| 9 (RLIN) | 29092 |
| 245 10 - TITLE STATEMENT | |
| Title | Health Economics / |
| Statement of responsibility, etc | Charles E. Phelps. |
| 250 ## - EDITION STATEMENT | |
| Edition statement | 4th ed. |
| 260 ## - PUBLICATION, DISTRIBUTION, ETC. (IMPRINT) | |
| Place of publication, distribution, etc | New York : |
| Name of publisher, distributor, etc | Addison-Wesley, |
| Date of publication, distribution, etc | c2010. |
| 300 ## - PHYSICAL DESCRIPTION | |
| Extent | xvi, 640 p. : |
| Other physical details | ill. ; |
| Dimensions | 25 cm. |
| 490 1# - Series Statement | |
| Series statement | The Addison-Wesley series in economics |
| -- | 29093 |
| 504 ## - BIBLIOGRAPHY, ETC. NOTE | |
| Bibliography, etc | Includes bibliographical references (p. 595-621) and index. |
| 505 0# - FORMATTED CONTENTS NOTE | |
| Formatted contents note | Why health economics? -- Utility and health -- The transformation of medical care to health -- The demand for medical care : conceptual framework -- Empirical studies of medical care demand and applications -- The physician and the physician firm -- Physicians in the marketplace -- The hospital as a supplier of medical care -- Hospitals in the marketplace -- The demand for health insurance -- Health insurance supply and managed care -- Government provision of health insurance -- Medical malpractice -- Externalities in health and medical care -- Managing the market : regulation and technical change in health care -- Universal insurance issues and international comparisons of health care systems. |
| 650 #0 - SUBJECT ADDED ENTRY--TOPICAL TERM | |
| Topical term or geographic name as entry element | Medical economics. |
| 9 (RLIN) | 29094 |
| 650 #0 - SUBJECT ADDED ENTRY--TOPICAL TERM | |
| Topical term or geographic name as entry element | Medical economics |
| Geographic subdivision | United States. |
| 9 (RLIN) | 29095 |
| 650 12 - SUBJECT ADDED ENTRY--TOPICAL TERM | |
| Topical term or geographic name as entry element | Economics, Medical |
| Geographic subdivision | United States. |
| 9 (RLIN) | 29096 |
| 650 22 - SUBJECT ADDED ENTRY--TOPICAL TERM | |
| Topical term or geographic name as entry element | Delivery of Health Care |
| General subdivision | economics |
| Geographic subdivision | United States. |
| 9 (RLIN) | 29097 |
| 650 22 - SUBJECT ADDED ENTRY--TOPICAL TERM | |
| Topical term or geographic name as entry element | Insurance, Health |
| General subdivision | economics |
| Geographic subdivision | United States. |
| 9 (RLIN) | 29098 |
| 653 ## - INDEX TERM--UNCONTROLLED | |
| Resource For college | |
| -- | |
| Arrived date list | February2012 |
| 942 ## - ADDED ENTRY ELEMENTS (KOHA) | |
| Source of classification or shelving scheme | Dewey Decimal Classification |
| Item type | |
| Withdrawn status | Item status | Source of classification or shelving scheme | Damaged status | Not for loan | Vendor | Home library | Current library | Shelving location | Date acquired | Source of acquisition | Cost, normal purchase price | Serial Enumeration / chronology | Total Checkouts | Full call number | Barcode | Date last seen | Date last borrowed | Koha item type | Total Renewals |
|---|---|---|---|---|---|---|---|---|---|---|---|---|---|---|---|---|---|---|---|
| Dewey Decimal Classification | Baccah | Central Library | Central Library | First floor | 22/02/2012 | 199.00 | 14300 | 1 | 338.473621 PHE | 000026196 | 15/07/2025 | 28/04/2013 | NB - Book (Non borrowing) | ||||||
| Dewey Decimal Classification | Baccah | Central Library | Central Library | First floor | 22/02/2012 | 199.00 | 14300 | 3 | 338.473621 PHE | 000026197 | 15/07/2025 | 13/03/2014 | Book - Borrowing | 16 | |||||
| Dewey Decimal Classification | Baccah | Central Library | Central Library | First floor | 22/02/2012 | 199.00 | 14300 | 3 | 338.473621 PHE | 000026198 | 15/07/2025 | 02/07/2012 | Book - Borrowing | 31 |